| 000 | 01532nam a22003377a 4500 | ||
|---|---|---|---|
| 003 | OSt | ||
| 005 | 20230621085457.0 | ||
| 008 | 221006b |||||||| |||| 00| 0 eng d | ||
| 040 | _cBiblioteca Lado V | ||
| 082 |
_a709.05 _bG851a |
||
| 100 |
_9855 _aGriffin, Tim _eeditor |
||
| 245 |
_aArtforum/ _bInternacional/ |
||
| 260 |
_aNew York _c1993 _bNew York editorial and business offices |
||
| 300 |
_c26.5x27cm _a122p. |
||
| 366 | _espa | ||
| 490 |
_aDiciembre _v1993 _x0864-1315 |
||
| 505 |
_tCOLUMNS _aAll-Around Esthetes Books Ecoculture Performance Real life Rock |
||
| 505 |
_tFEATURES _gIt's Been Nice Gnawing you It's a Wound-erful Life Inexorable Dissolve: James Coleman Blindsides Art Narratives of No Return: James Coleman's guaiRE Critical Reflections Tabboo! The Art of Stephen Tashjian First House Attitude is Everything and Everythind Hurts Openings: Bob Flanagan |
||
| 505 | _tBOOKFORUM | ||
| 505 | _tREVIEWS | ||
| 505 | _tLETTER | ||
| 650 |
_2Tesauro de Arte & Arquitectura _aARTE COMTEMPORANEO _9703 |
||
| 650 |
_2Tesauro de Arte & Arquitectura _aFOTOGRAFIA _9702 |
||
| 650 |
_2Tesauro de Arte & Arquitectura _aARTE VISUAL _9702 |
||
| 650 |
_2Tesauro de Arte & Arquitectura _aLIBROS |
||
| 650 |
_2Tesauro de Arte & Arquitectura _aNOTICIAS |
||
| 650 |
_2 Tesauro de Arte & Arquitectura _aARTE INTERNACIONAL |
||
| 650 |
_2 Tesauro de Arte & Arquitectura _aESCULTURA |
||
| 700 |
_aNavarreta, Jose Antonio _eeditor |
||
| 942 |
_2ddc _c1 _h709.05 _iG851a _n0 |
||
| 999 |
_c3881 _d3881 |
||